000 01347cam a22003617a 4500
003 CHAP
005 20241112062703.0
008 010824d1999 mx r 00110 spa d
010 _a84528
011 _a85500
020 _a9688844748
035 _a96033
040 _cCHAP
082 0 4 _a341.37
_bS2
100 1 0 _aSchwentesius Rindermann, Rita
_9103302
245 1 0 _aTLCAN y la agricultura NAFTA and agriculture experiencia a 5 años :
_bmemoria
_c/coord. por Rita Schwentesius Rindermann y Manuel Angel Gómez Cruz
260 _aChapingo, Méx. :
_bUACH. Centro de Investigaciones Económicas, Sociales y Tecnológicas de la Agroindustria y la Agricultura Mundial,
_c1999.
300 _a423 p.
590 _aBATCH-UPD
_b10
_c20130110
_lUCH01
_h1645
590 _aBATCH-UPD
_b10
_c20130410
_lUCH01
_h1035
590 _aBATCH-UPD
_b10
_c20130914
_lUCH01
_h1505
590 _aCONVERSION
_b10
_c20130109
_lUCH01
_h1347
650 1 4 _aGanado
_xMercadeo.
_944928
650 1 4 _aProductos agrícolas
_xMercadeo.
_991951
650 1 4 _aProductos lácteos
_xMercadeo.
_992134
650 1 4 _aTractores
_xMercadeo.
_9114584
650 1 4 _aTratado Trilateral de Libre Comercio.
700 1 _aGómez Cruz, Manuel Ángel
_949661
901 _aBK
905 _aLilia Sánchez G.
942 _cLIBRO
949 _a341.37 S2
_bBC
_cUACH
_d960331
_eUACH
_h101319
_i96033
_sb
999 _c84528
_d84528